Music Quiz

Random Music or Album Quiz

Bruce Springsteen girls and characters Quiz Stats

Quiz not verified by Sporcle

Challenge
Share
Tweet
Embed
Score 0/23 Timer 06:00
0 Plays Today
Character Song % Correct
MaryThunder Road
89.9%
WendyBorn to Run
89.1%
CandyCandy's Room
82.2%
Magic Rat, Barefoot GirlJungleland
79.5%
MaryThe River
78.4%
Chicken ManAtlantic City
77.8%
Bad Scooter, Big ManTenth Avenue Freezeout
71.8%
Sloppy Sue, Little Dynamite, Big Bones BillieRosalita
71.5%
SherrySherry Darling
70.7%
Young Scott, Go Cart Mozart, Little Early Pearly, Blinded by the Light
69.7%
Crazey Janey, Wild Billy, G Man, Hazy DaveySpirit in the Night
68.4%
TerryBackstreets
63.6%
Character Song % Correct
Ragamuffin Gunner, Jimmy the SaintLost in the Flood
63.4%
Spanish Johnny, Puerto Rican JaneIncident on 57th Street
57.9%
Sandy, Madame Marie4th of July Asbury Park
54.7%
Wayne, Little Girl on the CornerDarlington County
48.9%
Power Thirteen, Little AngelThe E Street Shuffle
48.8%
Billy, Diamond Jackie, Fish Lady, Jazz ManNew York City Serenade
45%
Joe RobertsHighway Patrolman
40.1%
Broadway Mary, Joan FontaineDoes This Bus Stop at 82nd Street
39.5%
Missy Bimbo, MargueritaWild Billy's Circus Story
39.2%
KateMy Hometown
38.5%
RalphJohnny 99
35%

You're not logged in!

Compare scores with friends on all Sporcle quizzes.
Join for Free
OR
Log In

You Might Also Like...

Show Comments

Extras

Top Quizzes Today


Score Distribution

Your Account Isn't Verified!

In order to create a playlist on Sporcle, you need to verify the email address you used during registration. Go to your Sporcle Settings to finish the process.

Report this User

Report this user for behavior that violates our Community Guidelines.

Details: